000 00520nam a2200193 i 4500
001 28200
003 ES-MaACL
005 20260525062924.0
007 t|
008 030116s1962 sp ||||1| spa d
100 0 _aAzorín,
_d1873-1967
_924326
245 1 0 _aHistoria y vida /
_cAzorín.
260 _aMadrid :
_bEspasa-Calpe,
_c[1962]
300 _a217 p. ;
_c18 cm.
490 1 _aColección austral ;
_v1314
830 0 _aColección austral
_v1314
_9177655
852 _aES-MaACL
_jC-22635
_bR.50725
999 _c28200
_d28200